Music Quiz

Random Music or Lyrics Quiz

'Thank You For All Your Loving' Lyrics Quiz Stats

 Plays Quiz not verified by Sporcle

Score 0/111 Timer 10:00
0 Plays Today
% Correct
Oh
100%
me
100%
I'm
100%
so
100%
and
100%
so
100%
have
100%
all
100%
I
100%
no
100%
belong
100%
And
100%
I
100%
when
100%
you
100%
And
100%
thank
100%
you
100%
for
100%
all
100%
of
100%
your
100%
loving
100%
Thank
100%
you
100%
for
100%
all
100%
of
100%
your
100%
Thank
100%
you
100%
for
100%
all
100%
of
100%
your
100%
kindness
100%
Thank
100%
% Correct
you
100%
for
100%
being
100%
a
100%
And
100%
if
100%
you
100%
go
100%
be
100%
the
100%
I
100%
when
100%
I'm
100%
by
100%
your
100%
side
100%
when
100%
I'm
100%
all
100%
in
100%
you
100%
I
100%
pity
87.5%
My
87.5%
friends
87.5%
gone
87.5%
away
87.5%
too
87.5%
It
87.5%
was
87.5%
on
87.5%
my
87.5%
with
87.5%
to
87.5%
to
87.5%
came
87.5%
What
87.5%
% Correct
it
87.5%
My
87.5%
away
87.5%
it
87.5%
to
87.5%
what
87.5%
feel
87.5%
there
87.5%
my
87.5%
alone
75%
blue
75%
Their
75%
own
75%
need
75%
wanted
75%
die,
75%
that's
75%
along
75%
tears
75%
here
75%
difference
75%
makes
75%
life
75%
has
75%
same
75%
It's
75%
hard
75%
say
75%
You're
75%
started
62.5%
again
62.5%
just
62.5%
won't
62.5%
troubles
62.5%
confide
62.5%
friendliness,
50%
worried,
50%

You're not logged in!

Compare scores with friends on all Sporcle quizzes.
OR
Log In

Show Comments

Extras

Created Aug 14, 2019ReportNominate
Tags:Lyrics Quiz, Elton John

Top Quizzes Today


Score Distribution

Your Account Isn't Verified!

In order to create a playlist on Sporcle, you need to verify the email address you used during registration. Go to your Sporcle Settings to finish the process.

Report this User

Report this user for behavior that violates our Community Guidelines.

Details: